| 000 | 01120nam a2200301Ia 4500 | ||
|---|---|---|---|
| 001 | ebr10186866 | ||
| 003 | CaPaEBR | ||
| 006 | m u | ||
| 007 | cr cn||||||||| | ||
| 008 | 070723s2007 cau s 000 0 eng d | ||
| 010 | _z 2007933485 | ||
| 020 | _z9781934404089 | ||
| 020 | _z9781934404072 (pbk. : alk. paper) | ||
| 040 |
_aCaPaEBR _cCaPaEBR |
||
| 035 | _a(OCoLC)568502388 | ||
| 050 | 1 | 4 |
_aTA345 _b.K37 2007eb |
| 100 | 1 | _aKarris, Steven T. | |
| 245 | 1 | 0 |
_aIntroduction to stateflow with applications _h[electronic resource] / _cSteven T. Karris. |
| 250 | _a1st ed. | ||
| 260 |
_aFremont, CA : _bOrchard Publications, _c2007. |
||
| 300 | _aiv, (522) p. | ||
| 533 |
_aElectronic reproduction. _bPalo Alto, Calif. : _cebrary, _d2009. _nAvailable via World Wide Web. _nAccess may be limited to ebrary affiliated libraries. |
||
| 630 | 0 | 0 | _aStateflow. |
| 650 | 0 |
_aComputer software _xDevelopment. |
|
| 655 | 7 |
_aElectronic books. _2local |
|
| 710 | 2 | _aebrary, Inc. | |
| 856 | 4 | 0 |
_uhttp://site.ebrary.com/lib/rucke/Doc?id=10186866 _zAn electronic book accessible through the World Wide Web; click to view |
| 999 |
_c147504 _d147504 |
||